000 00813nam a2200229 i 4500
003 DO-SdBNP
005 20250617134001.0
007 ta
008 250617b2006 dr ||||| |||| 00| 0 spa d
040 _aDO-SdBNP
_bspa
_cBNPHU
_erda
082 4 _axxx
_bxxx
_222
110 1 _aRepública Dominicana
_bMinisterio de Hacienda
_967417
245 1 0 _aLey No. 340-06 sobre compras y contrataciones de bienes, servicios, obras y concesiones :
_b(mod. por la Ley no. 449-06, del 6 de diciembre del 2006). Gaceta oficial No. 10396
264 1 _aSanto Domingo :
_bCongreso Nacional,
_c2006.
300 _a60 páginas ;
_c21cm.
336 _atexto
_btxt
_2rdacontent
337 _asin mediación
_bn
_2rdamedia
338 _avolumen
_bnc
_2rdacarrier
590 _aInventariado, 2025/BT
910 _aBtavárez
942 _2ddc
_cLBS1
999 _c59317
_d59317